00744nam a2200229Ia 4500001000700000003000500007008004100012010001100053040000900064082002200073100002600095245011100121250001000232260005900242300002000301440001400321502007500335650003500410650002200445650002400467700002300491Z_1522CHAP220113s2005 xx 000 0 und d a164610 cCHAP a636.0852 M2y 2005 aMcDowell, Lee Russell aMinerales para rumiantes en pastoreo en regiones tropicales /c Lee Russell McDowell y John D. Arthington a4 ed. aGainesville, Florida :b University of Florida,c2005 a94 p. : bilus. aBoletín aTesis (Ing. Agr. Esp. en Zootecnia) -- UACH. Departamento de Zootecnia aAnimalesxElementos minerales  aGanadoxTrópico aNutrición animal  aArthington, John D